[Event "GER-ch (Women) op"]
[Site "Augsburg"]
[Date "2024.03.08"]
[Round "4"]
[White "Trunz, Tamila"]
[Black "Just, Anita"]
[Result "0-1"]
[WhiteElo "1891"]
[BlackElo "1873"]
[PlyCount "134"]
[EventDate "2024.03.06"]
[EventType "swiss"]
[EventRounds "9"]
[EventCountry "GER"]
[SourceTitle "CB12_2024"]
[SourceDate "2023.10.01"]
[SourceVersion "1"]
[SourceVersionDate "2023.10.01"]
[SourceQuality "1"]

1. e4 e6 2. d4 d5 3. Nd2 c5 4. Ngf3 Nc6 5. exd5 Qxd5 6. Bc4 Qd8 7. dxc5 Bxc5 8. 0-0 Nf6 9. Qe2 0-0 10. Ne4 Be7 11. Bf4 Nd4 12. Qd3 Nxf3+ 13. Qxf3 Qd4 14. Bd3 Qxb2 15. c3 Nxe4 16. Bxe4 Bf6 17. Qh3 g6 18. Bh6 Qxc3 19. Qxc3 Bxc3 20. Rac1 Bg7 21. Bf4 e5 22. Bg5 h6 23. Be7 Re8 24. Rc7 Bf8 25. Bxf8 Kxf8 26. Bxb7 Bxb7 27. Rxb7 Re7 28. Rfb1 Rxb7 29. Rxb7 Rc8 30. g3 a6 31. Ra7 Rc6 32. Kf1 Kg7 33. a4 Kf6 34. Ke2 Ke6 35. Kd3 f5 36. a5 Kd5 37. Rd7+ Rd6 38. Rc7 Rc6 39. Rd7+ Kc5 40. Rb7 Kd6 41. Ra7 g5 42. f3 Kd5 43. Rd7+ Rd6 44. Rc7 Re6 45. Ke3 Rc6 46. Rd7+ Kc4 47. Rb7 Rc5 48. Rb6 Rxa5 49. Rxh6 Ra3+ 50. Ke2 a5 51. h4 gxh4 52. gxh4 f4 53. h5 Ra2+ 54. Ke1 Rh2 55. Rh8 a4 56. Ra8 Kb3 57. Rb8+ Ka2 58. Rh8 a3 59. h6 Kb1 60. h7 a2 61. Rb8+ Kc2 62. Ra8 Kb3 63. Rb8+ Kc4 64. Rc8+ Kd3 65. Ra8 Rxh7 66. Ra3+ Kc4 67. Ke2 Rh2+ 0-1

[Event "GER-ch (Women) op"]
[Site "Augsburg"]
[Date "2024.03.07"]
[Round "2"]
[White "Birkholz, Olga"]
[Black "Just, Anita"]
[Result "1/2-1/2"]
[WhiteElo "1986"]
[BlackElo "1873"]
[PlyCount "136"]
[EventDate "2024.03.06"]
[EventType "swiss"]
[EventRounds "9"]
[EventCountry "GER"]
[SourceTitle "CB12_2024"]
[SourceDate "2023.10.01"]
[SourceVersion "1"]
[SourceVersionDate "2023.10.01"]
[SourceQuality "1"]

1. e4 e6 2. Qe2 c5 3. f4 Nc6 4. Nf3 Nge7 5. c3 d5 6. d3 d4 7. Na3 Ng6 8. e5 Nh4 9. Nxh4 Qxh4+ 10. g3 Qd8 11. c4 b6 12. Bg2 Bb7 13. Bd2 Qd7 14. Nc2 Be7 15. a3 Nd8 16. b4 Bxg2 17. Qxg2 Qc6 18. Qxc6+ Nxc6 19. b5 Nd8 20. Ke2 Kd7 21. a4 f6 22. a5 Nf7 23. exf6 gxf6 24. Ra2 Kc7 25. Rha1 Kb7 26. Ne1 f5 27. Nf3 Bf6 28. Kf2 Rhe8 29. h3 e5 30. fxe5 Nxe5 31. Nxe5 Bxe5 32. axb6 axb6 33. Rxa8 Rxa8 34. Rxa8 Kxa8 35. Kf3 Kb7 36. Bf4 Bf6 37. g4 fxg4+ 38. Kxg4 Kc8 39. Kh5 Bg7 40. Bh6 Be5 41. Bf8 Bf4 42. Kg4 Bd2 43. Kf5 Kd7 44. Kf6 Be1 45. Bh6 Bg3 46. Bg5 Bc7 47. h4 h6 48. Bxh6 Bd8+ 49. Ke5 Bxh4 50. Bf4 Be1 51. Kd5 Ba5 52. Bb8 Bd2 53. Bd6 Bb4 54. Bf8 Ba5 55. Bh6 Bb4 56. Bc1 Kc7 57. Ke6 Be1 58. Bf4+ Kb7 59. Kd7 Bb4 60. Ke6 Be1 61. Kd6 Bb4 62. Kd5 Be1 63. Ke5 Bb4 64. Kd5 Be1 65. Bc1 Bb4 66. Kd6 Be1 67. Kd5 Bb4 68. Bb2 Kc7 1/2-1/2

[Event "GER-ch (Women)"]
[Site "Ostfildern"]
[Date "2023.08.19"]
[Round "8"]
[White "Just, Anita"]
[Black "Zimmer, Elke"]
[Result "1-0"]
[WhiteElo "1898"]
[BlackElo "1878"]
[PlyCount "97"]
[EventDate "2023.08.14"]
[EventType "swiss"]
[EventRounds "9"]
[EventCountry "GER"]
[SourceTitle "CBM 215 Extra"]
[Source "ChessBase"]
[SourceDate "2023.09.30"]
[SourceVersion "1"]
[SourceVersionDate "2023.09.30"]
[SourceQuality "1"]

1. e4 e6 2. d4 d5 3. Nc3 Nf6 4. Bg5 Be7 5. e5 Nfd7 6. Bxe7 Qxe7 7. f4 c6 8. Nf3 b6 9. Qd2 Ba6 10. Bxa6 Nxa6 11. 0-0-0 g6 12. g4 b5 13. Rhe1 Nb6 14. Qe2 Nc4 15. Nd2 Rb8 16. f5 Nxb2 17. Kxb2 Qb4+ 18. Nb3 c5 19. a3 Qc4 20. Na5 Qxe2 21. Nxe2 c4 22. Nc6 Rb6 23. Nb4 Nc7 24. fxe6 fxe6 25. Rf1 a5 26. Na2 b4 27. axb4 axb4 28. Ra1 Ke7 29. Nac1 Nb5 30. Ra4 Rhb8 31. Na2 Nc7 32. Ra7 R8b7 33. Rxb7 Rxb7 34. Rb1 Na6 35. Kc1 Kd7 36. Kd2 g5 37. Ng3 Kc6 38. Nh5 Rf7 39. Nf6 Rb7 40. h3 Rb8 41. Nxh7 Rh8 42. Nxg5 Rf8 43. Nxb4+ Nxb4 44. Rxb4 Rf2+ 45. Kd1 c3 46. Rb3 Rd2+ 47. Kc1 Rxd4 48. Rxc3+ Kd7 49. Rf3 1-0

[Event "BL 2223 (Women)"]
[Site "Germany"]
[Date "2022.10.15"]
[Round "1.6"]
[White "Obolentseva, Alexandra"]
[Black "Just, Anita"]
[Result "1-0"]
[WhiteElo "2310"]
[BlackElo "1895"]
[PlyCount "55"]
[EventDate "2022.10.15"]
[EventType "team-tourn"]
[EventRounds "11"]
[EventCountry "GER"]
[SourceTitle "EXT 2024"]
[Source "ChessBase"]
[SourceDate "2023.10.10"]
[SourceVersion "1"]
[SourceVersionDate "2023.10.10"]
[SourceQuality "1"]
[WhiteTeam "Bad Koenigshofen (W)"]
[BlackTeam "Leipzig Weissblau (W)"]
[WhiteTeamCountry "GER"]
[BlackTeamCountry "GER"]

1. d4 e6 2. c4 f5 3. Nc3 Nf6 4. g3 Bb4 5. Bg2 0-0 6. Nf3 d6 7. 0-0 Bxc3 8. bxc3 Qe8 9. Ba3 Nbd7 10. Qb3 Ne4 11. Rad1 Ndf6 12. c5 dxc5 13. Ne5 Qh5 14. f3 Ng5 15. Bxc5 Re8 16. Ba3 b6 17. Qc4 Nd5 18. Bc1 a5 19. Qc6 Rb8 20. g4 Bb7 21. gxh5 Bxc6 22. Nxc6 Nf7 23. Nxb8 Rxb8 24. Bd2 Nd6 25. e4 Ne7 26. Bf4 Ne8 27. d5 Rc8 28. dxe6 1-0

[Event "GER-ch Rapid (Women)"]
[Site "Goettingen"]
[Date "2022.09.25"]
[Round "9"]
[White "Stepanjan, Marianne"]
[Black "Just, Anita"]
[Result "1-0"]
[WhiteElo "1525"]
[BlackElo "1895"]
[PlyCount "99"]
[EventDate "2022.09.24"]
[EventType "swiss (rapid)"]
[EventRounds "9"]
[EventCountry "GER"]
[SourceTitle "CBM 210 Extra"]
[Source "ChessBase"]
[SourceDate "2022.11.30"]
[SourceVersion "1"]
[SourceVersionDate "2022.11.30"]
[SourceQuality "1"]

1. e4 e6 2. d4 d5 3. exd5 exd5 4. c4 Be6 5. c5 Nf6 6. Bg5 Be7 7. Nf3 Nbd7 8. Nc3 c6 9. Bd3 h6 10. Bf4 0-0 11. 0-0 Bg4 12. h3 Be6 13. Qd2 Ne4 14. Nxe4 dxe4 15. Bxe4 Nf6 16. Bc2 Nd5 17. Bxh6 f5 18. Bg5 Nf6 19. Rfe1 Bd5 20. Nh4 Ne4 21. Bxe7 Qxe7 22. Bxe4 Bxe4 23. Ng6 Qf6 24. Nxf8 Rxf8 25. Rad1 Qg6 26. g3 Qh5 27. Kh2 Qf3 28. Rg1 Rd8 29. Qe3 Qh5 30. Qf4 Rf8 31. Qh4 Qf3 32. Qf4 Qh5 33. Rd2 g5 34. Qe5 Re8 35. Qf6 g4 36. h4 Qh7 37. Qg5+ Kf7 38. Qf4 Re7 39. Re1 Kg8 40. Qb8+ Kf7 41. Qf4 Kf8 42. Rde2 Kg8 43. Qb8+ Kf7 44. Rd2 Qg7 45. Qf4 Kg6 46. Qg5+ Kh7 47. Qf4 Rd7 48. Rde2 Rxd4 49. Qe3 Rd7 50. Rd2 1-0

[Event "GER-ch Rapid (Women)"]
[Site "Goettingen"]
[Date "2022.09.24"]
[Round "2"]
[White "Kosovska, Olena"]
[Black "Just, Anita"]
[Result "0-1"]
[WhiteElo "1831"]
[BlackElo "1895"]
[PlyCount "39"]
[EventDate "2022.09.24"]
[EventType "swiss (rapid)"]
[EventRounds "9"]
[EventCountry "GER"]
[SourceTitle "CBM 210 Extra"]
[Source "ChessBase"]
[SourceDate "2022.11.30"]
[SourceVersion "1"]
[SourceVersionDate "2022.11.30"]
[SourceQuality "1"]

1. c4 e5 2. Nc3 f5 3. e3 Nf6 4. d4 exd4 5. exd4 Bb4 6. Bd3 d6 7. Qa4+ Nc6 8. d5 0-0 9. dxc6 Bxc3+ 10. bxc3 Qe8+ 11. Ne2 bxc6 12. 0-0 Bd7 13. c5 d5 14. Bf4 Qe7 15. Bxc7 Qxc5 16. Ba5 Qd6 17. Qc2 Ng4 18. Ng3 g6 19. h3 Ne5 20. c4 0-1

[Event "GER-ch (Women)"]
[Site "Magdeburg"]
[Date "2022.08.15"]
[Round "2"]
[White "Just, Anita"]
[Black "Peglau, Sarah"]
[Result "1-0"]
[WhiteElo "1884"]
[BlackElo "1808"]
[PlyCount "105"]
[EventDate "2022.08.14"]
[EventType "swiss"]
[EventRounds "9"]
[EventCountry "GER"]
[SourceTitle "CBM 209 Extra"]
[Source "ChessBase"]
[SourceDate "2022.09.30"]
[SourceVersion "1"]
[SourceVersionDate "2022.09.30"]
[SourceQuality "1"]

1. e4 d6 2. d4 g6 3. Nc3 a6 4. a4 Nc6 5. Nf3 Bg4 6. Be2 Bg7 7. Be3 e6 8. 0-0 Nge7 9. Ng5 Bxe2 10. Nxe2 h6 11. Nh3 0-0 12. Qd2 Kh7 13. a5 Qd7 14. Ra3 f5 15. exf5 Nxf5 16. f4 Nxe3 17. Qxe3 Rf5 18. Qd2 Raf8 19. g4 R5f7 20. c4 e5 21. d5 Nd4 22. Nxd4 exd4 23. Rg3 c5 24. f5 Kh8 25. Nf4 Re8 26. Nxg6+ Kg8 27. Nf4 Be5 28. Rh3 Rg7 29. Ng6 Rxg6 30. fxg6 Qxg4+ 31. Qg2 Qxg2+ 32. Kxg2 Kg7 33. Rf7+ Kxg6 34. Rxb7 Bf4 35. Kf1 Kg5 36. Rg7+ Kf5 37. Rf3 Ke4 38. Kg2 d3 39. Rg4 Rf8 40. Kf2 d2 41. Rgxf4+ Rxf4 42. Rxf4+ Kxf4 43. Ke2 h5 44. b4 cxb4 45. c5 Ke5 46. c6 Kxd5 47. c7 Kc4 48. c8Q+ Kb5 49. Qc7 Ka4 50. Kxd2 d5 51. Qb6 Ka3 52. Qxa6 b3 53. Qb5 1-0

[Event "Bodenmais op"]
[Site "Bodenmais"]
[Date "2022.08.05"]
[Round "7"]
[White "Kottmair, Toni"]
[Black "Just, Anita"]
[Result "1-0"]
[WhiteElo "2136"]
[BlackElo "1905"]
[PlyCount "143"]
[EventDate "2022.07.30"]
[EventType "swiss"]
[EventRounds "9"]
[EventCountry "GER"]
[SourceTitle "CBM 209 Extra"]
[Source "ChessBase"]
[SourceDate "2022.09.30"]
[SourceVersion "1"]
[SourceVersionDate "2022.09.30"]
[SourceQuality "1"]

1. d4 e6 2. Nf3 f5 3. g3 Nf6 4. Bg2 Be7 5. 0-0 0-0 6. b3 d6 7. Bb2 Qe8 8. Nbd2 Nbd7 9. Ng5 Bd8 10. e4 h6 11. Nh3 fxe4 12. Nxe4 e5 13. Nxf6+ Bxf6 14. Qd3 Nb6 15. dxe5 Bxe5 16. Bxe5 Qxe5 17. Nf4 Bf5 18. Qd2 g5 19. Nd5 Qg7 20. Nxb6 axb6 21. Bxb7 Rae8 22. Rae1 Bh3 23. Bg2 Bxg2 24. Kxg2 Qf7 25. Rxe8 Rxe8 26. Re1 Rxe1 27. Qxe1 Qd5+ 28. Kg1 Qf7 29. Qe2 Kg7 30. h3 Qd7 31. Kh2 Qf7 32. a4 Qd7 33. Qc4 c5 34. Qd5 Kh7 35. Kg2 Kg7 36. Kh2 Kh7 37. Qd3+ Kg7 38. c4 Qf7 39. Kg2 Qd7 40. Qd5 Kh7 41. h4 gxh4 42. Qe4+ Kg7 43. Qxh4 d5 44. Qf4 d4 45. Qe5+ Kh7 46. Qd5 Qe7 47. Kf1 Kg7 48. b4 Qc7 49. a5 bxa5 50. bxc5 d3 51. c6 Qb6 52. Qd7+ Kf6 53. c7 Qb1+ 54. Kg2 Qb7+ 55. Kh2 d2 56. c8Q Qxc8 57. Qxc8 d1Q 58. Qa6+ Kg7 59. Qxa5 Qd4 60. Qc7+ Kg6 61. Qc6+ Kg7 62. Kg2 Qc3 63. Qd5 h5 64. Qg5+ Kf8 65. Qd5 Kg7 66. c5 h4 67. gxh4 Kh6 68. Qg5+ Kh7 69. h5 Qd4 70. h6 Qe4+ 71. Kh2 Qd4 72. Qg7+ 1-0

[Event "Bodenmais op"]
[Site "Bodenmais"]
[Date "2022.08.03"]
[Round "5"]
[White "Tscharotschkin, Michael"]
[Black "Just, Anita"]
[Result "0-1"]
[WhiteElo "2123"]
[BlackElo "1905"]
[PlyCount "118"]
[EventDate "2022.07.30"]
[EventType "swiss"]
[EventRounds "9"]
[EventCountry "GER"]
[SourceTitle "CBM 209 Extra"]
[Source "ChessBase"]
[SourceDate "2022.09.30"]
[SourceVersion "1"]
[SourceVersionDate "2022.09.30"]
[SourceQuality "1"]

1. e4 e6 2. Nf3 d5 3. e5 c5 4. b4 cxb4 5. d4 Nc6 6. Bd3 f6 7. 0-0 Qc7 8. Re1 fxe5 9. Nxe5 Nxe5 10. Rxe5 Nf6 11. Bb5+ Kf7 12. Bg5 Bd6 13. Bxf6 gxf6 14. Rh5 Bd7 15. Bxd7 Qxd7 16. Nd2 Rag8 17. Nf3 Rg7 18. Qd3 Qc7 19. Re1 Qc4 20. Qe3 Re8 21. Nh4 Qxc2 22. Nf5 Bf4 23. Qxf4 exf5 24. Rc1 Qe2 25. Rc7+ Re7 26. Rxe7+ Qxe7 27. g3 Qe1+ 28. Kg2 Qe4+ 29. Qxe4 dxe4 30. Rxf5 Rg5 31. Rf4 Ra5 32. Rxe4 Rxa2 33. d5 a5 34. d6 Rd2 35. Re7+ Kf8 36. Rxb7 Rxd6 37. Rb5 Ra6 38. Kf3 Ke7 39. Ke4 Ke6 40. f4 a4 41. Rxb4 a3 42. Rb1 Ra4+ 43. Ke3 a2 44. Ra1 Kf5 45. h3 h5 46. Kf3 Ra3+ 47. Kg2 h4 48. gxh4 Kxf4 49. Kh2 Kf5 50. Kg2 Kg6 51. Kh2 Kh5 52. Kg1 Kxh4 53. Kg2 f5 54. Kf2 Kxh3 55. Rh1+ Kg4 56. Rg1+ Kf4 57. Ra1 Ra7 58. Ke2 Ke4 59. Kf2 Kd3 0-1

[Event "GER-chT Federal Cup (Women)"]
[Site "Braunfels"]
[Date "2022.06.16"]
[Round "1.36"]
[White "Just, Anita"]
[Black "Marx, Christina"]
[Result "1/2-1/2"]
[WhiteElo "1895"]
[BlackElo "1587"]
[PlyCount "112"]
[EventDate "2022.06.15"]
[EventType "team-swiss"]
[EventRounds "5"]
[EventCountry "GER"]
[SourceTitle "EXT 2023"]
[Source "ChessBase"]
[SourceDate "2022.10.05"]
[SourceVersion "1"]
[SourceVersionDate "2022.10.05"]
[SourceQuality "1"]

1. e4 c5 2. Nf3 Nc6 3. d4 cxd4 4. Nxd4 d6 5. Nc3 Nf6 6. Be2 e5 7. Nb3 Be6 8. 0-0 Be7 9. f4 exf4 10. Bxf4 0-0 11. Kh1 a6 12. Qd2 d5 13. e5 Ne8 14. Rad1 Nc7 15. Bf3 Bb4 16. Qf2 Bxc3 17. bxc3 Qe7 18. Qg3 Kh8 19. Rd3 Bf5 20. Rd2 Rad8 21. Bg5 f6 22. exf6 gxf6 23. Bh6 Rg8 24. Qf2 Rg6 25. Bf4 Be4 26. Re1 f5 27. Nd4 Nxd4 28. Qxd4+ Kg8 29. c4 Ne6 30. Qe5 Qh4 31. Bg3 Qg5 32. Rf2 f4 33. Qxg5 Nxg5 34. Bxf4 Bxf3 35. Bxg5 Rxg5 36. Rxf3 dxc4 37. Kg1 b5 38. Rfe3 Rf8 39. Re6 a5 40. R6e5 Rff5 41. Re7 Rf7 42. g3 c3 43. Rxf7 Kxf7 44. Kf2 Kf6 45. Re3 b4 46. Rd3 Re5 47. g4 Ke6 48. Rd4 Rd5 49. Ke3 Ke5 50. Re4+ Kd6 51. Rc4 Re5+ 52. Kf2 Rd5 53. Ke3 Re5+ 54. Kf2 Rd5 55. Ke3 Re5+ 56. Kd3 Rd5+ 1/2-1/2

[Event "BL 2122 (Women)"]
[Site "Germany"]
[Date "2021.11.28"]
[Round "2.6"]
[White "Gvanceladze, Anna"]
[Black "Just, Anita"]
[Result "1-0"]
[WhiteElo "2203"]
[BlackElo "1895"]
[PlyCount "127"]
[EventDate "2021.11.27"]
[EventType "team-tourn"]
[EventRounds "11"]
[EventCountry "GER"]
[SourceTitle "EXT 2023"]
[Source "ChessBase"]
[SourceDate "2022.10.05"]
[SourceVersion "1"]
[SourceVersionDate "2022.10.05"]
[SourceQuality "1"]
[WhiteTeam "Bad Koenigshofen (W)"]
[BlackTeam "Leipzig Weissblau (W)"]
[WhiteTeamCountry "GER"]
[BlackTeamCountry "GER"]

1. d4 e6 2. Nf3 f5 3. c4 Nf6 4. Nc3 Bb4 5. g3 0-0 6. Bg2 d6 7. 0-0 Bxc3 8. bxc3 Qe8 9. Ba3 Nbd7 10. Rb1 Ne4 11. Qd3 Qh5 12. Nd2 Nxd2 13. Qxd2 Rb8 14. e4 fxe4 15. Bxe4 Nf6 16. Bg2 b6 17. Qd1 Qg6 18. Re1 Bd7 19. c5 dxc5 20. dxc5 Rfe8 21. c6 Bc8 22. Rb2 e5 23. Qa4 a5 24. c4 Qg4 25. h3 Qh5 26. g4 Qg6 27. c5 h5 28. cxb6 hxg4 29. hxg4 Bxg4 30. Qb3+ Be6 31. Qg3 Qxg3 32. fxg3 Rxb6 33. Rxb6 cxb6 34. Rxe5 Kf7 35. Rb5 Bc4 36. Rxb6 Re1+ 37. Kh2 Ng4+ 38. Kh3 Be6 39. c7 Nf2+ 40. Kh4 g5+ 41. Kxg5 Re5+ 42. Kf4 Nd3+ 43. Kf3 Ne1+ 44. Kf2 Bg4 45. Bf1 Re4 46. Rb8 Ra4 47. Kxe1 Rxa3 48. c8Q Bxc8 49. Rxc8 Rxg3 50. Kd2 Ke7 51. Kc2 Kd7 52. Rc5 Rf3 53. Bc4 Rf4 54. Kb3 a4+ 55. Kxa4 Kd6 56. Kb4 Rf8 57. Rh5 Rb8+ 58. Bb5 Rf8 59. a4 Rf4+ 60. Bc4 Kc7 61. Kc5 Rf8 62. a5 Kb8 63. Rh7 Rf5+ 64. Bd5 1-0

[Event "BL 2122 (Women)"]
[Site "Germany"]
[Date "2021.11.27"]
[Round "1.5"]
[White "Daulyte Cornette, Deimante"]
[Black "Just, Anita"]
[Result "1-0"]
[WhiteElo "2372"]
[BlackElo "1895"]
[PlyCount "81"]
[EventDate "2021.11.27"]
[EventType "team-tourn"]
[EventRounds "11"]
[EventCountry "GER"]
[SourceTitle "EXT 2023"]
[Source "ChessBase"]
[SourceDate "2022.10.05"]
[SourceVersion "1"]
[SourceVersionDate "2022.10.05"]
[SourceQuality "1"]
[WhiteTeam "Schwaebisch Hall (W)"]
[BlackTeam "Leipzig Weissblau (W)"]
[WhiteTeamCountry "GER"]
[BlackTeamCountry "GER"]

1. e4 e6 2. d4 d5 3. e5 c5 4. c3 Nc6 5. Nf3 Qb6 6. Be2 Bd7 7. 0-0 cxd4 8. cxd4 f6 9. Nc3 fxe5 10. dxe5 Nh6 11. Be3 Qa5 12. a3 Nf7 13. b4 Qd8 14. Bf4 g5 15. Bg3 Bg7 16. Re1 h5 17. h3 h4 18. Bh2 g4 19. hxg4 Ncxe5 20. Nxe5 Nxe5 21. Nxd5 0-0 22. Nf4 Qg5 23. Nh3 Qe7 24. Bf1 Nf7 25. Rc1 Bc6 26. Qb3 Nd8 27. b5 Be8 28. Rc7 Qf6 29. Be5 Qxe5 30. Rxe5 Bxe5 31. Rc5 Bf6 32. Bd3 Bf7 33. Bb1 Kg7 34. Qd3 Rh8 35. g5 Bb2 36. g6 Be8 37. Nf4 Rf8 38. Nh5+ Kg8 39. g7 Rf5 40. Rxf5 exf5 41. Qxf5 1-0

[Event "GER-chT Federal Cup (Women)"]
[Site "Braunfels"]
[Date "2021.10.24"]
[Round "5.4"]
[White "Dergatschova, Anna"]
[Black "Just, Anita"]
[Result "1-0"]
[WhiteElo "2185"]
[BlackElo "1930"]
[PlyCount "75"]
[EventDate "2021.10.19"]
[EventType "team-tourn"]
[EventRounds "5"]
[EventCountry "GER"]
[SourceTitle "CBM 204 Extra"]
[Source "ChessBase"]
[SourceDate "2021.11.30"]
[SourceVersion "1"]
[SourceVersionDate "2021.11.30"]
[SourceQuality "1"]

1. e4 e6 2. d4 d5 3. Bd3 c5 4. exd5 Qxd5 5. Nc3 Qxd4 6. Nb5 Qd8 7. Bf4 Na6 8. Qf3 Qb6 9. Qg3 Bd7 10. Bc7 Qc6 11. Nf3 Nb4 12. Nd6+ Bxd6 13. Bxd6 Nxd3+ 14. cxd3 Ne7 15. Bxe7 Kxe7 16. Qxg7 Rag8 17. Qc3 f6 18. Nd2 Rxg2 19. Ne4 Rg6 20. 0-0-0 Rhg8 21. Kb1 b6 22. Rhe1 e5 23. f4 Qd5 24. fxe5 fxe5 25. Nxc5 Rg5 26. Ne4 Rg2 27. Qb4+ Ke6 28. d4 Rc8 29. Nc3 Qc4 30. Rxe5+ Kf6 31. Qe7+ Kg6 32. Qd6+ Kg7 33. Qxd7+ Kh8 34. Re8+ Rxe8 35. Qxe8+ Kg7 36. Qe5+ Kf8 37. Qb8+ Kg7 38. Qb7+ 1-0

[Event "GER-chT Federal Cup (Women)"]
[Site "Braunfels"]
[Date "2021.10.22"]
[Round "2.12"]
[White "Frank, Michelle Viviane"]
[Black "Just, Anita"]
[Result "0-1"]
[WhiteElo "1885"]
[BlackElo "1930"]
[PlyCount "90"]
[EventDate "2021.10.19"]
[EventType "team-tourn"]
[EventRounds "5"]
[EventCountry "GER"]
[SourceTitle "CBM 204 Extra"]
[Source "ChessBase"]
[SourceDate "2021.11.30"]
[SourceVersion "1"]
[SourceVersionDate "2021.11.30"]
[SourceQuality "1"]

1. d4 e6 2. Nf3 f5 3. g3 Nf6 4. Bg2 Be7 5. 0-0 0-0 6. c4 d6 7. Nc3 a5 8. b3 Qe8 9. Qd3 Nc6 10. d5 Nb4 11. Qd1 e5 12. Nb5 Bd8 13. a3 Na6 14. Ng5 h6 15. Ne6 Bxe6 16. dxe6 Nc5 17. Be3 Nce4 18. a4 Qxe6 19. f3 Nc5 20. Bxc5 dxc5 21. Qc2 c6 22. Nc3 Bc7 23. Bh3 g6 24. e4 Ne8 25. Rad1 Nd6 26. Rd3 Rad8 27. Rfd1 Qf6 28. Qe2 f4 29. Qf2 b6 30. Qg2 Kh8 31. Ne2 fxg3 32. hxg3 b5 33. cxb5 cxb5 34. Nc3 c4 35. Nd5 Bb6+ 36. Kh2 Qf7 37. R3d2 Bd4 38. Rxd4 exd4 39. Qd2 cxb3 40. Qxd4+ Qg7 41. e5 Nf5 42. Bxf5 Rxf5 43. f4 bxa4 44. Qxa4 Qa7 45. Rd2 Rxd5 0-1

[Event "GER-chT Federal Cup (Women)"]
[Site "Braunfels"]
[Date "2021.10.21"]
[Round "1.28"]
[White "Just, Anita"]
[Black "Kalina, Lena"]
[Result "0-1"]
[WhiteElo "1930"]
[BlackElo "1652"]
[PlyCount "148"]
[EventDate "2021.10.19"]
[EventType "team-tourn"]
[EventRounds "5"]
[EventCountry "GER"]
[SourceTitle "CBM 204 Extra"]
[Source "ChessBase"]
[SourceDate "2021.11.30"]
[SourceVersion "1"]
[SourceVersionDate "2021.11.30"]
[SourceQuality "1"]

1. e4 c5 2. Nf3 Nc6 3. d4 cxd4 4. Nxd4 g6 5. Nc3 Bg7 6. Be3 Nf6 7. Bc4 0-0 8. Bb3 Qa5 9. 0-0 d6 10. f3 Bd7 11. Re1 Rac8 12. Qd3 Rfd8 13. Rad1 Ne5 14. Qf1 Bc6 15. h3 Ned7 16. g4 Nc5 17. g5 Nh5 18. Nd5 Bxd5 19. Bxd5 e6 20. Bc4 Qc7 21. Nb5 Qb8 22. b4 a6 23. Nd4 Na4 24. Bb3 Nc3 25. Rd3 d5 26. Bf2 e5 27. Ne2 Nxe2+ 28. Rxe2 Nf4 29. Bxd5 Nxd3 30. cxd3 Rc3 31. Rb2 Rdc8 32. Be3 Bf8 33. Bc4 b5 34. Bd2 Ra3 35. Bb3 a5 36. bxa5 b4 37. f4 exf4 38. Bxf4 Qa7+ 39. Kg2 Rxa5 40. Be3 Qe7 41. h4 Bg7 42. Rf2 Rf8 43. Bd5 Rxd5 44. exd5 Qxe3 45. Rf4 Qc5 46. Qf3 Qc2+ 47. Kf1 Qxa2 48. Rxb4 Rc8 49. Re4 Qd2 50. Re2 Qb4 51. Re4 Qd6 52. Rc4 Rd8 53. Rc6 Qxd5 54. Qxd5 Rxd5 55. Rc8+ Bf8 56. Ke2 Kg7 57. Rc4 Bd6 58. Re4 Re5 59. Kf3 Rd5 60. Ke2 Bg3 61. Rg4 Bc7 62. Rc4 Bb6 63. Rb4 Bc5 64. Rc4 h6 65. gxh6+ Kxh6 66. Rf4 f5 67. Rc4 Kh5 68. Rc1 Be7 69. Rd1 Bxh4 70. d4 Bf6 71. Rh1+ Kg5 72. Rg1+ Kh6 73. Rh1+ Kg7 74. Rb1 Bxd4 0-1

[Event "BL 1920 (Women)"]
[Site "Germany"]
[Date "2021.09.05"]
[Round "11.5"]
[White "Just, Anita"]
[Black "Anisheva, Varvara"]
[Result "1/2-1/2"]
[WhiteElo "1874"]
[BlackElo "2092"]
[PlyCount "117"]
[EventDate "2019.09.14"]
[EventType "team-tourn"]
[EventRounds "11"]
[EventCountry "GER"]
[SourceTitle "EXT 2022"]
[Source "ChessBase"]
[SourceDate "2021.10.06"]
[SourceVersion "1"]
[SourceVersionDate "2021.10.06"]
[SourceQuality "1"]
[WhiteTeam "Leipzig Weissblau (W)"]
[BlackTeam "Erfurt Medizin (W)"]
[WhiteTeamCountry "GER"]
[BlackTeamCountry "GER"]

1. e4 c5 2. Nf3 g6 3. d4 cxd4 4. Nxd4 Bg7 5. Be3 Nf6 6. Nc3 Nc6 7. Bc4 Qa5 8. 0-0 0-0 9. Bb3 d6 10. h3 Bd7 11. f4 Rac8 12. Nd5 Rfe8 13. Qd3 Nxd4 14. Nxf6+ Bxf6 15. Bxd4 Bxd4+ 16. Qxd4 Qc5 17. c3 Be6 18. Rfd1 a6 19. Qxc5 Rxc5 20. Bxe6 fxe6 21. Kf2 e5 22. fxe5 Rxe5 23. Ke3 Rf8 24. Rd2 g5 25. Kd4 Rf4 26. Re1 h5 27. Ree2 h4 28. c4 Kg7 29. Rd3 g4 30. hxg4 Rxg4 31. Rf3 b5 32. cxb5 axb5 33. a3 Reg5 34. Rff2 Rc5 35. Re3 e5+ 36. Kd3 Rc4 37. Rfe2 Rd4+ 38. Kc3 Rc4+ 39. Kd3 Kf6 40. b3 Rd4+ 41. Kc3 Ke6 42. Kc2 Rf4 43. Kc3 Kf6 44. Rd3 Rdxe4 45. Rxe4 Rxe4 46. Rxd6+ Kf5 47. Rd2 Kg4 48. Kd3 Rf4 49. Ke3 Kg3 50. Rc2 Rf1 51. a4 bxa4 52. bxa4 Ra1 53. Ke4 Rxa4+ 54. Kxe5 Ra8 55. Kf5 Rg8 56. Rb2 Rf8+ 57. Kg5 Rg8+ 58. Kf5 Rg7 59. Ra2 1/2-1/2

[Event "GER-ch (Women)"]
[Site "Magdeburg"]
[Date "2021.07.31"]
[Round "9"]
[White "Pohle, Saskia"]
[Black "Just, Anita"]
[Result "1-0"]
[WhiteElo "1755"]
[BlackElo "1944"]
[PlyCount "91"]
[EventDate "2021.07.25"]
[EventType "swiss"]
[EventRounds "9"]
[EventCountry "GER"]
[SourceTitle "CBM 203 Extra"]
[Source "ChessBase"]
[SourceDate "2021.09.30"]
[SourceVersion "1"]
[SourceVersionDate "2021.09.30"]
[SourceQuality "1"]

1. e4 e6 2. d4 d5 3. Nd2 c5 4. exd5 Qxd5 5. Ngf3 cxd4 6. Bc4 Qd6 7. 0-0 Nc6 8. Ne4 Qd8 9. Qe2 Be7 10. Rd1 Nf6 11. c3 0-0 12. Nxd4 Nxd4 13. Rxd4 Qc7 14. Bb3 e5 15. Rc4 Qd8 16. Nxf6+ Bxf6 17. Be3 Be6 18. Rb4 Bxb3 19. axb3 b6 20. Rba4 Qc7 21. Qb5 Rfb8 22. Ra6 Qd8 23. h3 Bg5 24. Qxe5 Bxe3 25. Qxe3 h6 26. b4 Qd5 27. Rxa7 Rxa7 28. Rxa7 Qd1+ 29. Kh2 Qc2 30. Rxf7 Kxf7 31. Qf4+ Ke6 32. Qxb8 Qxf2 33. b3 g5 34. Qg3 Qd2 35. Qc7 Qe3 36. c4 Qf2 37. c5 bxc5 38. bxc5 h5 39. Qd6+ Kf7 40. Qe5 Kg6 41. c6 g4 42. c7 Qc2 43. Qe6+ Kg7 44. c8Q g3+ 45. Kxg3 Qd3+ 46. Kh2 1-0

[Event "GER-ch (Women)"]
[Site "Magdeburg"]
[Date "2021.07.29"]
[Round "6"]
[White "Frey, Alisa"]
[Black "Just, Anita"]
[Result "1-0"]
[WhiteElo "2087"]
[BlackElo "1944"]
[PlyCount "81"]
[EventDate "2021.07.25"]
[EventType "swiss"]
[EventRounds "9"]
[EventCountry "GER"]
[SourceTitle "CBM 203 Extra"]
[Source "ChessBase"]
[SourceDate "2021.09.30"]
[SourceVersion "1"]
[SourceVersionDate "2021.09.30"]
[SourceQuality "1"]

1. e4 e6 2. d4 d5 3. Nc3 Bb4 4. exd5 exd5 5. Bd3 Nc6 6. Nf3 Bg4 7. 0-0 Nxd4 8. Qe1+ Ne6 9. Ne5 Nf6 10. h3 Bh5 11. f4 Ne4 12. f5 Qf6 13. Nxe4 Qxe5 14. Qxb4 dxe4 15. fxe6 exd3 16. exf7+ Kd7 17. f8Q Rhxf8 18. Rxf8 Rxf8 19. Qxf8 Qe1+ 20. Qf1 d2 21. Bxd2 Qxd2 22. Qf5+ Kc6 23. Qxh5 Qd4+ 24. Kh1 Qxb2 25. Qf3+ Kc5 26. Qe3+ Kc6 27. Qe4+ Kc5 28. Rd1 b5 29. a4 a6 30. axb5 axb5 31. Rd5+ Kb6 32. Qd4+ Qxd4 33. Rxd4 c5 34. Rd7 b4 35. Rxg7 Kb5 36. Rxh7 Kc4 37. Rc7 Kd4 38. h4 c4 39. h5 Kc3 40. h6 Kxc2 41. Rxc4+ 1-0